Statistiques concernant Les plus grandes villes des Hauts-de-Seine

Cliquez ici pour prendre le quiz!

Statistiques générales

  • Ce quiz a été pris 208 fois
  • Le résultat moyen est 12 sur 20

Statistiques - réponses

PopulationsVilles% Correct
96 277Nanterre
96%
121 583Boulogne-Billancourt
92%
59 599Neuilly-sur-Seine
74%
86 534Colombes
73%
45 157Puteaux
72%
81 558Courbevoie
70%
87 143Asnières-sur-Seine
69%
66 082Levallois-Perret
67%
62 760Antony
66%
67 981Issy-les-Moulineaux
63%
78 317Rueil-Malmaison
61%
63 089Clichy
57%
52 925Clamart
56%
48 530Gennevilliers
54%
45 818Meudon
53%
49 311Suresnes
53%
48 352Montrouge
50%
40 936Bagneux
47%
36 639Châtillon
37%
34 021Châtenay-Malabry
31%

Distribution des résultats

Percentile par nombre de réponses

% des personnes avec chaque résultat

Votre développement - résultats

Vous n’avez pas pris ce quiz